01905nam a2200289 a 4500001001000000005001700010008004100027041000800068044000700076084002000083100004500103245013800148260004700286300001600333500042900349500037600778500008501154500004401239500000901283650005201292650005601344650003401400650004501434700003601479700005001515740005001565BRCA_244920190320203820.0181108s1814----fr-#---###---#000-0dspa-u aspa afr a089b.B677 18141 aCervantes Saavedra, Miguel ded1547-161610aEl Ingenioso Hidalgo Don Quixote de la Manchaccompuesto por Migue de Cervantes Saavedra bajo la dirección de José René Masson. aParís : LondresbBossange y Massonc1814 a7 v.c15 cm aContenido : v 1. Advertencia de los editores. Prólogo de la Real Academia. Vida de Cervantes y análisis del Quijote por V. de los Ríos. -- v 2. Primera parte. Principios de la primera edición. Dedicatoria. prólogo del autor. Versos preliminares. Texto. -- v 3. Texto. -- v 4. Texto. -- v 5. Segunda parte. Principios de la edición príncipe. Dedicatoria. Prólogo del autor. Texto. -- v 6. Texto. -- v 7. Texto aEdición : Nueva edición, conforme la de la Real Academia Española, hecha en Madrid en 1782. Además del Juicio crítico y análisis del Quixote, el plan cronólogico de sus viajes, la Vida de Cervantes y los documentos que la comprueban, comprehendidos en la dicha edición de la Academia, se han añadido a esta las notas críticas y curiosas de Don Quijote aEdición igual a la anterior, pero sin láminas. En rústica Lúdovik Osterc aEstado fisico : Ejemplar muy maltratado aQM7114aNovela españolayÉpoca clásica, 1500-170014aLiteratura españolayÉpoca clásica, 1500-170014aNovela españolaySiglo XVII14aDon Quijote (Personaje ficticio)eNovela1 aMasson, José RenéeImpresor1 aRíos, Vicente de losd1732-1779eBiógrafo0 aEl Ingenioso Hidalgo Don Quijote de la Mancha